Cómo alimentar a los niños : (Record no. 144111)

MARC details
000 -CABECERA
campo de control de longitud fija 00633nam a2200217 u 4500
005 - FECHA Y HORA DE LA ÚLTIMA TRANSACCIÓN
campo de control 20240813063841.0
008 - ELEMENTOS DE LONGITUD FIJA--INFORMACIÓN GENERAL
campo de control de longitud fija 090824s2004 r 000 0 eng d
020 ## - NÚMERO INTERNACIONAL NORMALIZADO PARA LIBROS
Número Internacional Estándar del Libro 8497351436
035 ## - NÚMERO DE CONTROL DEL SISTEMA
Número de control de sistema UPN01000172007
049 ## - COLECCIÓN
Colección CG
050 #4 - SIGNATURA TOPOGRÁFICA DE LA BIBLIOTECA DEL CONGRESO
Número de clasificación RJ206
Número de documento/Ítem F7.2
100 1# - ASIENTO PRINCIPAL--NOMBRE PERSONAL
Nombre de persona Frontera, Pedro,
Fechas asociadas al nombre 1946-
245 10 - MENCIÓN DE TÍTULO
Título Cómo alimentar a los niños :
Resto del título guía para padres /
Mención de responsabilidad, etc. Pedro Frontera, Gloria Cabezuelo.
260 ## - PUBLICACIÓN, DISTRIBUCIÓN, ETC.
Lugar de publicación, distribución, etc. Barcelona, Esp. :
Nombre del editor, distribuidor, etc. Amat,
Fecha de publicación, distribución, etc. 2004.
300 ## - DESCRIPCIÓN FÍSICA
Extensión 249 p. :
Otras características físicas tablas
650 #4 - ASIENTO SECUNDARIO DE MATERIA - TERMINO TEMATICO
Término de materia o nombre geográfico como elemento de entrada Niños
Subdivisión general Nutrición
9 (RLIN) 5247
650 #7 - ASIENTO SECUNDARIO DE MATERIA - TERMINO TEMATICO
Término de materia o nombre geográfico como elemento de entrada Dieta
Fuente del encabezamiento o término
9 (RLIN) 2192
700 1# - ASIENTO SECUNDARIO--NOMBRE DE PERSONAL
Nombre de persona Cabezuelo, Gloria,
Término indicativo de función/relación coaut.
905 ## - TIPO DE MATERIAL
Tipo de material Libro
Holdings
Estado de retiro Estado de pérdida Fuente del sistema de clasificación o colocación Estado dañado No para préstamo Código de colección Localización permanente Ubicación/localización actual Ubicación en estantería Total de préstamos Clasificación Código de barras Fecha visto por última vez Número de copia Tipo de ítem Koha
    Library of Congress Classification     Colección General Bib. Gregorio Torres Quintero Bib. Gregorio Torres Quintero Planta baja 8 RJ206 F7.2 266658 31/12/2020 1 Libro
    Library of Congress Classification     Colección General Bib. Gregorio Torres Quintero Bib. Gregorio Torres Quintero Planta baja 23 RJ206 F7.2 266659 31/12/2020 1 Libro